00516nmm a2200157Ia 4500008004100000020001800041041000800059100002500067245010100092264005800193300001800251650001400269856005100283942000700334999001700341251105s9999||||xx |||||||||||||||||und|| a9789875914216 aspa aSánchez, Carlos E. 0aEducación, instituciones y desarrollo : una discusión sobre las causas del retraso argentino a[Buenos Aires, Argentina] :bEditorial Brujas, c2014 a228 páginas aEducation uhttps://public.digitaliapublishing.com/a/35409 cCF c97487d97487